000 00661nam a2200181 a 4500
005 20210223125217.0
008 991125s2003 mx 000 0 spa u
020 _a9701341252(INEGI)
_a9688136867(STPS)
035 _aUPN01000130681
049 _aC
050 4 _aHA763
_bE4.6 2001
110 2 _aInstituto Nacional de Estadística, Geografía e Informática (México)
245 1 0 _aEncuesta nacional de empleo 2001 :
_bENE-2001 /
_cInstituto Nacional de Estadística, Geografía e Informática.
260 _aMéxico :
_bINEGI:
_bSTPS,
_c2003.
300 _a376 p., [1] h. pleg. :
_bcuadros
650 4 _aEMPLEO -
_zMEXICO -
_vESTADISTICA
_913180
905 _aLibro
999 _c102838
_d102838